| 000 | 01486cam a2200361 a 4500 | ||
|---|---|---|---|
| 999 |
_c210 _d210 |
||
| 001 | 15337909 | ||
| 003 | GZU | ||
| 005 | 20200714105831.0 | ||
| 008 | 080620s2008 enk b 001 0 eng | ||
| 010 | _a 2008027560 | ||
| 020 | _a9780230516151 (hardback : alk. paper) | ||
| 020 | _a0230516157 (hardback : alk. paper) | ||
| 035 | _a(OCoLC)ocn233591834 | ||
| 035 | _a(OCoLC)233591834 | ||
| 040 |
_aDLC _cDLC _dYDXCP _dBWKUK _dBWK _dBWX _dCDX _dDLC |
||
| 050 | 0 | 0 |
_aBF321 _b.S79 2008 |
| 100 | 1 | _aStyhre, Alexander. | |
| 245 | 1 | 0 |
_aPerception and organization : _bart, music, media / _cAlexander Styhre. |
| 260 |
_aBasingstoke [England] ; _aNew York : _bPalgrave Macmillan, _c2008. |
||
| 300 |
_axix, 261 p. ; _c23 cm. |
||
| 504 | _aIncludes bibliographical references (p. 224-251) and index. | ||
| 505 | 0 | _aThe concept of perception -- Art : visual perception and the aesthetic -- Music : auditory perception and organized sound -- Media : the remediation of image and sound -- Perception and organizing : beyond the text. | |
| 650 | 0 | _aAttention. | |
| 650 | 0 | _aPerception. | |
| 650 | 0 | _aOrganizational behavior. | |
| 650 | 0 | _aArt. | |
| 650 | 0 | _aMusic. | |
| 650 | 0 | _aMass media. | |
| 856 | 4 | 1 |
_3Table of contents only _uhttp://www.loc.gov/catdir/toc/ecip0822/2008027560.html |
| 906 |
_a7 _bcbc _corignew _d1 _eecip _f20 _gy-gencatlg |
||
| 942 |
_2lcc _cBK _h321 _iSTY _kBF _m2008 |
||